El krausismo y la Institución Libre de la Enseñanza / (Record no. 110717)

MARC details
000 -LEADER
campo de control de longitud fija 00946nam a2200277 i 4500
001 - NÚMERO DE CONTROL
campo de control 110717
003 - IDENTIFICADOR DE NÚMERO DE CONTROL
campo de control ES-MaACL
005 - FECHA Y HORA DE LA ÚLTIMA TRANSACCIÓN
campo de control 20231219062534.0
007 - CAMPO FIJO DE DESCRIPCIÓN FÍSICA--INFORMACIÓN GENERAL
campo de control de longitud fija t|
008 - DATOS DE LONGITUD FIJA--INFORMACIÓN GENERAL
campo de control de longitud fija 070119s1986 sp a |||| | spa d
020 ## - NÚMERO INTERNACIONAL ESTÁNDAR DEL LIBRO
Número Internacional Estándar del Libro 84-7046-425-6
080 ## - NÚMERO DE LA CLASIFICACIÓN DECIMAL UNIVERSAL
Número de la Clasificación Decimal Universal 1 Krause, Karl Christian Friedrich.073(460)
080 ## - NÚMERO DE LA CLASIFICACIÓN DECIMAL UNIVERSAL
Número de la Clasificación Decimal Universal 373.3/.5(464.1 M)
100 1# - ENTRADA PRINCIPAL--NOMBRE DE PERSONA
Nombre de persona Jiménez García, Antonio.
9 (RLIN) 66528
245 13 - MENCIÓN DEL TÍTULO
Título El krausismo y la Institución Libre de la Enseñanza /
Mención de responsabilidad, etc. Antonio Jiménez García ; prólogo de José Luis Abellán.
260 ## - PUBLICACIÓN, DISTRIBUCIÓN, ETC.
Lugar de publicación, distribución, etc. Madrid :
Nombre del editor, distribuidor, etc. Cincel,
Fecha de publicación, distribución, etc. 1986.
300 ## - DESCRIPCIÓN FÍSICA
Extensión 208 p. :
Otras características físicas il. ;
Dimensiones 19 cm.
490 1# - MENCIÓN DE SERIE
Mención de serie Historia de la filosofía ;
Designación de volumen o secuencia 24
610 24 - PUNTO DE ACCESO ADICIONAL DE MATERIA--NOMBRE DE ENTIDAD CORPORATIVA
Nombre de entidad corporativa o nombre de jurisdicción como elemento de entrada Institución Libre de Enseñanza.
9 (RLIN) 4724
650 14 - PUNTO DE ACCESO ADICIONAL DE MATERIA--TÉRMINO DE MATERIA
Término de materia o nombre geográfico como elemento de entrada Krausismo-
Subdivisión geográfica España.
9 (RLIN) 14041
700 1# - ENTRADA AGREGADA--NOMBRE PERSONAL
Nombre de persona Abellán, José Luis,
Fechas asociadas al nombre 1933-2023
9 (RLIN) 176509
830 0# - PUNTO DE ACCESO ADICIONAL DE SERIE-TÍTULO UNIFORME
Título uniforme Historia de la filosofía ;
Designación de volumen o secuencia 24
9 (RLIN) 181726
852 ## - LOCALIZACIÓN
Ubicación ES-MaACL
Número de control de estantería L-15591
852 ## - LOCALIZACIÓN
Ubicación ES-MaACL
Número de control de estantería L-10903
Holdings
Estatus retirado Estado de pérdida Estado de daño No para préstamo Biblioteca de origen Biblioteca actual Ubicación en estantería Fecha de adquisición Fuente de adquisición Total de préstamos Signatura topográfica completa Código de barras Visto por última vez Precio de reemplazo Tipo de ítem Koha
        Biblioteca del Ateneo de Madrid Biblioteca del Ateneo de Madrid Depósito 2 17/01/2008     L-10903 1115515 23/02/2023 23/02/2023 Libro impreso
        Biblioteca del Ateneo de Madrid Biblioteca del Ateneo de Madrid Depósito 2 17/01/2008     L-15591 1115514 23/02/2023 23/02/2023 Libro impreso